Central Library OPAC University of Rajshahi

Philosophy of religion : (Record no. 57961)

MARC details
000 -LEADER
fixed length control field 00824nam a2200265 a 4500
001 - CONTROL NUMBER
control field 57961
003 - CONTROL NUMBER IDENTIFIER
rucl marc code BD-RjUL
005 - DATE AND TIME OF LATEST TRANSACTION
control field 20211209080553.0
008 - FIXED-LENGTH DATA ELEMENTS--GENERAL INFORMATION
fixed length control field 161212s2003 enk||||| |||| 001 0 eng d
020 ## - INTERNATIONAL STANDARD BOOK NUMBER
International Standard Book Number 0631214712
035 ## - SYSTEM CONTROL NUMBER
System control number (BD-RjUL)58085
040 ## - CATALOGING SOURCE
Original cataloging agency BD-RjUL
Language of cataloging eng
Transcribing agency BD-RjUL
Modifying agency BD-RjUL
041 ## - LANGUAGE CODE
Language code of text/sound track or separate title eng
082 ## - DEWEY DECIMAL CLASSIFICATION NUMBER
Edition number 23
Classification number 210
Author mark and year PHI 2003
100 ## - MAIN ENTRY--PERSONAL NAME
Personal name Taliaferro, Charles
9 (RLIN) 172143
245 10 - TITLE STATEMENT
Title Philosophy of religion :
Remainder of title an anthology /
Statement of responsibility, etc. Charles Taliaferro; Paul J Griffiths
260 ## - PUBLICATION, DISTRIBUTION, ETC. (IMPRINT)
Place of publication, distribution, etc. Malden, MA :
Name of publisher, distributor, etc. Blackwell Pub.,
Date of publication, distribution, etc. ©2003.
300 ## - PHYSICAL DESCRIPTION
Pagination xi, 622 p. ;
Size 24 cm.
490 ## - SERIES STATEMENT
Series statement Blackwell philosophy anthologies, 20.
500 ## - GENERAL NOTE
General note Include index
650 ## - SUBJECT ADDED ENTRY--TOPICAL TERM
Topical term or geographic name as entry element Religion -- Philosophy.
9 (RLIN) 172144
700 ## - ADDED ENTRY--PERSONAL NAME
Personal name Griffiths Paul J
856 ## - ELECTRONIC LOCATION AND ACCESS
Materials specified Blackwell philosophy anthologies, 20.
942 ## - ADDED ENTRY ELEMENTS (KOHA)
Source of classification or shelving scheme Dewey Decimal Classification
Koha item type Books
Holdings
Lost status Source of classification or shelving scheme Damaged status Not for loan Collection code Permanent Location Current Location Shelving location Date acquired Source of acquisition Cost, normal purchase price Total Checkouts Full call number Date last seen Copy number Koha item type
  Dewey Decimal Classification   Not For Loan Non-fiction Central Library, University of Rajshahi Central Library, University of Rajshahi Reading Room 06/05/2006 Dhaka paragon enterprises ltd. 21.99   210 PHI 2003 12/12/2016 C-1 Books